Proceedings of the thirty-seventh annual gulf and caribbean fisheries institute

Na minha lista:
Detalhes bibliográficos
Autor principal: Williams, Frank (Author)
Formato: Livro
Idioma:inglês
Publicado em: Miami University of Miami 1986
Assuntos:
Tags: Adicionar Tag
Sem tags, seja o primeiro a adicionar uma tag!

MARC

LEADER 00000nam a2200000 a 4500
001 UCV5122
003 CL-VaPUC
005 20221021074602.0
008 920707e19860000us 1 eng d
082 0 4 |a 639.2  |b WIL  |2 21 
100 1 |a Williams, Frank  |e author  |9 616521 
245 1 0 |a Proceedings of the thirty-seventh annual gulf and caribbean fisheries institute 
260 |a Miami  |b University of Miami  |c 1986 
300 |a 247 p 
583 |a last modification  |c 19920707 00:00:00  |k Rodrigo Vera 
650 0 0 |a Recursos pesqueros  |9 255431 
650 0 0 |a Congresos  |9 257560 
650 0 0 |a Industria pesquera  |9 255432 
942 |c BK 
945 |d 19920707 00:00:00 
546 |a En Inglés 
518 |p Annual Gulf and caribbena Fisheries Institute, 37, Cancun, Mexico, 1984 
999 |c 381978  |d 381976 
952 |0 0  |1 0  |2 ddc  |4 0  |6 639_200000000000000_WIL_1986  |7 0  |8 A  |9 503387  |a BIBCUR  |b BIBCUR  |d 2020-01-23  |i 259126K  |o 639.2 WIL 1986  |p 259126K  |r 2025-04-22  |w 2020-01-23  |y BK  |k CIM